| 000 | 00358cam a2200145ua 4500 | ||
|---|---|---|---|
| 041 |
_aeng _h |
||
| 082 |
_a828.09 _bFOR/PA |
||
| 100 | _aFosters, E M . | ||
| 245 |
_aPassage to India Vol-XXlV / _cE M Fosters. _hTextual Documents |
||
| 260 |
_aNew Delhi : _bS.Chand and Co , _c1961. |
||
| 300 | _a38 ; . | ||
| 504 | _a | ||
| 942 | _cBK | ||
| 999 |
_c12555 _d12555 |
||